Statistics for Word Chain - Switzerland

Click here to take the quiz!

General Stats

  • This quiz has been taken 296 times
  • The average score is 12 of 20

Answer Stats

HintAnswer% Correct
Switzerland's position in WWIINeutral
93%
Most populous cityZürich
92%
Multi-pitched singing formYodel
85%
Country of birth of most of the foreign-born
residents of Switzerland
Italy
84%
Bordering principalityLiechtenstein
81%
Goat-herding girlHeidi
79%
Archer who shot an apple: William ____Tell
79%
Most important food corporationNestle
76%
Scientist who worked as a patent examiner
in Bern between 1902–1909
Einstein
72%
One of the official languagesRomansh
69%
Sporting event headquartered
in Switzerland
Olympics
54%
"Switzerland" in GermanSchweiz
53%
Major city on Lake GenevaLausanne
50%
Slovak-born tennis player MartinaHingis
48%
Book by Jean-Jacques Rousseau:
"The ______ Contract"
Social
42%
Major city near Lake ComoLugano
33%
Type of democracy Switzerland isDirect
29%
Scientist LeonhardEuler
27%
Political party with the most seats at the
National Council (initials)
SVP
12%
Scientific family of Auguste and JacquesPiccard
10%

Score Distribution

Percentile by Number Answered

Percent of People with Each Score

Your Score History

You have not taken this quiz